Информационные технологии управления в туризме: учебное пособие

Detalles Bibliográficos
Autor Principal: Чудновский А. Д. Алексей Данилович
Outros autores: Жукова М. А. Марина Александровна
Summary:Исключено из фонда НТБ ТПУ
Idioma:ruso
Publicado: Москва, КноРус, 2006
Formato: MixedMaterials Libro
KOHA link:https://koha.lib.tpu.ru/cgi-bin/koha/opac-detail.pl?biblionumber=105391

MARC

LEADER 00000nam0a2200000 4500
001 105391
005 20231031114411.0
010 |a 5859710097 
035 |a (RuTPU)RU\TPU\book\113723 
090 |a 105391 
100 |a 20061115d2006 m y0rusy50 ca 
101 0 |a rus 
102 |a RU 
105 |a a j 001zy 
200 1 |a Информационные технологии управления в туризме  |e учебное пособие  |f А. Д. Чудновский, М. А. Жукова 
210 |a Москва  |c КноРус  |d 2006 
215 |a 102 с.  |c ил. 
333 |a Исключено из фонда НТБ ТПУ 
700 1 |a Чудновский  |b А. Д.  |g Алексей Данилович 
701 1 |a Жукова  |b М. А.  |g Марина Александровна 
801 1 |a RU  |b 63413507  |c 20061115  |g PSBO 
801 2 |a RU  |b 63413507  |c 20220428  |g PSBO 
942 |c BK